| 000 -LEADER |
| fixed length control field |
00358cam a22001217a 4500 |
| 008 - FIXED-LENGTH DATA ELEMENTS--GENERAL INFORMATION |
| fixed length control field |
180718b1982 xxu||||| |||| 00| 0 eng d |
| 082 ## - DEWEY DECIMAL CLASSIFICATION NUMBER |
| Classification number |
A2:BA27 M115 |
| 100 ## - MAIN ENTRY--PERSONAL NAME |
| Personal name |
Mac, M.R. |
| 245 ## - TITLE STATEMENT |
| Title |
Select bibliography on scheduled tribes |
| Statement of responsibility, etc. |
by M.R. Mac |
| 260 ## - PUBLICATION, DISTRIBUTION, ETC. |
| Place of publication, distribution, etc. |
Surat |
| Name of publisher, distributor, etc. |
Centre for Social studies |
| Date of publication, distribution, etc. |
1982 |
| 300 ## - PHYSICAL DESCRIPTION |
| Extent |
296p. |
| 650 ## - SUBJECT ADDED ENTRY--TOPICAL TERM |
| Topical term or geographic name entry element |
Scheduled tribes - Bibliography |